| 000 | 00369nam a22001217a 4500 | ||
|---|---|---|---|
| 082 | _aTHE 200 | ||
| 100 |
_aAISHA AKBAR AWAN, _972895 |
||
| 245 | _aTH-SOF-0637-ENERGY EFFICIENT CONTROL OF DRIVE-ANTI DRIVE MECHANISM | ||
| 260 |
_aNUST COLLEGE OF EME _bISLAMABAD _c2018 |
||
| 650 |
_aMS-ELECT-51 MSTHESIS _972896 |
||
| 700 |
_aDR MOHAMMAD BILAL MALIK _918497 |
||
| 942 | _cCF | ||
| 999 |
_c578865 _d578865 |
||